| 000 | 00561nam a2200181Ia 4500 | ||
|---|---|---|---|
| 001 | 16241 | ||
| 005 | 20260306170255.0 | ||
| 008 | 260306t2002||||xx |||||||||||||| ||und|| | ||
| 041 | _aESP | ||
| 082 |
_a347.51 _bF58 |
||
| 100 |
_aFlint Blanck, Pinkas José _eAUT |
||
| 245 | 0 |
_aTratado de defensa de la libre competencia : _bestudio exegético del D. L. 701: legislación, doctrina y jurisprudencia regulatoria de la libre competencia |
|
| 260 | _c2002 | ||
| 300 |
_a1485 páginas : _c25 cm. |
||
| 650 | _aGEN | ||
| 654 | _aCDE | ||
| 942 |
_cLIB _dJUS _fJUS _2ddc _n |
||
| 999 |
_c16241 _d16241 |
||